书目信息 |
| 题名: |
物理
|
|
| 作者: | 哈伯-沙姆 著 ;《物理》翻译组 译 | |
| 分册: | 第一册 | |
| 出版信息: | 北京 科学出版社 1978 |
|
| 页数: | 231页 | |
| 开本: | 20cm | |
| 丛书名: | ||
| 单 册: | ||
| 中图分类: | O4 , G633.7 | |
| 科图分类: | ||
| 主题词: | 教育--各级 | |
| 电子资源: | ||
| ISBN: | ||
| 000 | 00698nam0 2200241 450 | |
| 001 | 0532978486 | |
| 005 | 20060727154542.84 | |
| 010 | @dCNY0.55 | |
| 091 | @a13031.707 | |
| 100 | @a20051202d1978 km y0chiy0120 ea | |
| 101 | 0 | @achi |
| 102 | @aCN@b110000 | |
| 102 | @aCN@b110000 | |
| 200 | 1 | @a物理@Awu li@h第一册@f(美)U·哈伯-沙姆等著@F(mei)U·ha bo-sha mu deng zhu@g《物理》翻译组译@G《wu li》fan yi zu yi |
| 210 | @a北京@c科学出版社@d1978 | |
| 215 | 1 | @a231页@d20cm |
| 606 | 0 | @a教育@x各级 |
| 690 | @aO4@v4 | |
| 690 | @aG633.7@v3 | |
| 701 | 0 | @a哈伯-沙姆@Aha bo-sha mu@4著 |
| 712 | 0 | @a《物理》翻译组@A《wu li》fan yi zu@4译 |
| 801 | 0 | @aCN@bPFT@c20060727 |
| 905 | @a10447@dG633.7@e246:1 | |
| 物理.第一册/(美)U·哈伯-沙姆等著/《物理》翻译组译.-北京:科学出版社,1978 |
| 231页;20cm |
| ISBN :CNY0.55 |
| ● |
| 相关链接 |
|
|
|
|
正题名:物理
索取号:G633.7/246:1
 
预约/预借
| 序号 | 登录号 | 条形码 | 馆藏地/架位号 | 状态 | 备注 |
| 1 | 0011372 | 202285589 | 密集书库/ [索取号:G633.7/246:1] | 在馆 | |
| 2 | 0011373 | 202335320 | 密集书库/ [索取号:G633.7/246:1] | 在馆 | |
| 3 | 0011374 | 202181600 | 密集书库/ [索取号:G633.7/246:1] | 在馆 | |
| 4 | 0011375 | 202323547 | 密集书库/ [索取号:G633.7/246:1] | 在馆 | |
| 5 | 0012417 | 202383508 | 密集书库/ [索取号:G633.7/246:1] | 在馆 | |
| 6 | 0012418 | 202229123 | 密集书库/ [索取号:G633.7/246:1] | 在馆 | |
| 7 | 0016329 | 202383429 | 密集书库/ [索取号:G633.7/246:1] | 在馆 | |
| 8 | 0016330 | 202193241 | 密集书库/ [索取号:G633.7/246:1] | 在馆 | |
| 9 | 0016331 | 202383465 | 密集书库/ [索取号:G633.7/246:1] | 在馆 | |
| 10 | 0016362 | 202383544 | 密集书库/ [索取号:G633.7/246:1] | 在馆 | |
| 11 | 0420201 | 204202013 | 密集书库/ [索取号:G633.7/246:1] | 在馆 | |
| 12 | 0421854 | 204218541 | 密集书库/ [索取号:G633.7/246:1] | 在馆 | |
| 13 | 0440072 | 204400727 | 密集书库/ [索取号:G633.7/246:1] | 在馆 | |
| 14 | 0440073 | 204400736 | 密集书库/ [索取号:G633.7/246:1] | 在馆 | |
| 15 | 0440075 | 204400754 | 密集书库/ [索取号:G633.7/246:1] | 在馆 |